[Event "Thüringenliga 2013/2014"]
[Site "?"]
[Date "2014.01.12"]
[Round "5"]
[White "Leuner, Klaus"]
[Black "Kirste, Olaf"]
[Result "1-0"]
[WhiteElo "1875"]
[BlackElo "1835"]
[PlyCount "159"]
[EventDate "2014.??.??"]
[WhiteTeam "Ilmenauer SV"]
[BlackTeam "ESV Lok Sömmerda"]

1. d4 g6 2. c4 Bg7 3. Nc3 Nf6 4. e4 d6 5. Be2 c6 6. Bg5 Nbd7 7. Nf3 Qa5 8. O-O
O-O 9. Qd2 Re8 10. a3 e5 11. dxe5 dxe5 12. b4 Qc7 13. h3 Nf8 14. Rfd1 Ne6 15.
Be3 Nh5 16. Qd6 Qxd6 17. Rxd6 Nef4 18. Bf1 Bf8 19. Rd2 f6 20. Rad1 Be7 21. Kh2
Ng7 22. c5 Be6 23. Bxf4 exf4 24. Ne2 g5 25. Ned4 Bf7 26. Bd3 Red8 27. Bc2 h6
28. Nb3 Rxd2 29. Rxd2 Be6 30. Na5 Rb8 31. Nd4 Bc8 32. Bb3+ Kf8 33. Kg1 Ke8 34.
Kf1 Bd7 35. Ke2 Bd8 36. Nc4 Bc7 37. Nf3 Ke7 38. e5 Rd8 39. exf6+ Kxf6 40. Nd6
Bc8 41. Nxc8 Rxc8 42. Rd7 Re8+ 43. Kd3 Re7 44. Rxe7 Kxe7 45. Ke4 Kf6 46. Nd4
Be5 47. Bd1 Bxd4 48. Kxd4 Ne6+ 49. Ke4 a5 50. Bg4 axb4 51. axb4 Nc7 52. Bc8 Na6
53. Bxb7 Nxb4 54. Kd4 f3 55. gxf3 Ke7 56. Kc4 Nd5 57. Bxc6 Nc7 58. Bd5 Kd7 59.
Kd4 Na6 60. Bb7 Nc7 61. Ke5 Ke7 62. Bd5 Na6 63. c6 Nc7 64. Bc4 Ne8 65. Be6 Nc7
66. Bd7 Na6 67. f4 gxf4 68. Kxf4 Kf6 69. Ke4 Nc7 70. Kf4 Nd5+ 71. Ke4 Nc7 72.
Kd4 Ke7 73. Kc5 Na8 74. f4 Nc7 75. f5 Na8 76. Kd5 Nc7+ 77. Ke5 Nb5 78. f6+ Kf7
79. Be6+ Kf8 80. Bc4 1-0

[Event "Thüringenliga 2013/2014"]
[Site "?"]
[Date "2014.01.12"]
[Round "5"]
[White "Heinzel, Olaf"]
[Black "Philipp, Michael"]
[Result "1/2-1/2"]
[WhiteElo "2351"]
[BlackElo "1963"]
[PlyCount "64"]
[EventDate "2014.??.??"]
[WhiteTeam "Erfurter Schachklub"]
[BlackTeam "SSV Vimaria 91 Weimar"]

1. d4 d5 2. Bf4 c5 3. e3 Nc6 4. Nc3 cxd4 5. exd4 Bf5 6. Nf3 Nf6 7. Ne5 Qb6 8.
Nxc6 bxc6 9. Na4 Qa5+ 10. c3 e6 11. Be2 Ne4 12. f3 Nd6 13. b4 Qd8 14. Ba6 Be7
15. O-O O-O 16. Nc5 Bg5 17. Be5 Nc4 18. Bxc4 dxc4 19. Qe2 Qd5 20. g4 Bg6 21. f4
Be7 22. f5 Bxc5 23. fxg6 Be7 24. gxf7+ Rxf7 25. Rxf7 Kxf7 26. Re1 a5 27. a3
axb4 28. axb4 Bh4 29. Rf1+ Kg8 30. Qf3 Qxf3 31. Rxf3 Ra1+ 32. Kg2 Be1 1/2-1/2

[Event "Thüringenliga 2013/2014"]
[Site "?"]
[Date "2014.01.12"]
[Round "5"]
[White "Albrecht, Jürgen"]
[Black "Brüggemann, Joachim"]
[Result "1-0"]
[WhiteElo "2053"]
[BlackElo "2238"]
[PlyCount "65"]
[EventDate "2014.??.??"]
[WhiteTeam "SSV Vimaria 91 Weimar"]
[BlackTeam "Erfurter Schachklub"]

1. e4 c5 2. Nf3 Nc6 3. d4 cxd4 4. Nxd4 Nf6 5. Nc3 d6 6. Bc4 e6 7. Be3 a6 8. Qe2
Qc7 9. Bb3 Na5 10. g4 b5 11. g5 Nd7 12. O-O-O Nc5 13. Bd5 exd5 14. Nxd5 Qd8 15.
b4 Nc4 16. bxc5 Qa5 17. Kb1 Be6 18. Nb3 Qd8 19. Bf4 Rc8 20. cxd6 Nxd6 21. e5
Nc4 22. Nf6+ gxf6 23. Rxd8+ Rxd8 24. exf6 Bb4 25. c3 Ba3 26. Nd4 Rxd4 27. cxd4
Kd7 28. Qe4 Rc8 29. Re1 Bd6 30. Bc1 Bb4 31. d5 Bh3 32. Rd1 a5 33. Qf3 1-0

[Event "Thüringenliga 2013/2014"]
[Site "?"]
[Date "2014.01.12"]
[Round "5"]
[White "Steinacker, Alex"]
[Black "Mysliwiec, Jörg"]
[Result "1-0"]
[WhiteElo "2140"]
[BlackElo "2059"]
[PlyCount "47"]
[EventDate "2014.??.??"]
[WhiteTeam "Erfurter Schachklub"]
[BlackTeam "SSV Vimaria 91 Weimar"]

1. Nf3 Nf6 2. g3 e6 3. Bg2 c5 4. d3 Nc6 5. O-O Be7 6. e4 d6 7. Nbd2 O-O 8. Re1
Rb8 9. b3 Qc7 10. Bb2 Nd7 11. c3 b5 12. d4 Bf6 13. Nf1 Bb7 14. Ne3 Nb6 15. Qd2
Rfe8 16. Rac1 a5 17. c4 bxc4 18. dxc5 dxc5 19. Bxf6 gxf6 20. Ng4 Qe7 21. Qh6
Nd7 22. Red1 Nd4 23. Nxd4 f5 24. Nxf5 1-0

[Event "Thüringenliga 2013/2014"]
[Site "?"]
[Date "2014.01.12"]
[Round "5"]
[White "Stiefel, Roland"]
[Black "Streltsyn, Grygoriy"]
[Result "1/2-1/2"]
[WhiteElo "1960"]
[BlackElo "2124"]
[PlyCount "77"]
[EventDate "2014.??.??"]
[WhiteTeam "SSV Vimaria 91 Weimar"]
[BlackTeam "Erfurter Schachklub"]

1. d4 Nf6 2. Nf3 b5 3. Bf4 Bb7 4. e3 b4 5. c4 c5 6. Nbd2 e6 7. Be2 Qb6 8. O-O
Nc6 9. d5 Ne7 10. e4 g6 11. Bg5 Bg7 12. h3 h6 13. Bh4 g5 14. Bg3 Ng6 15. Ne1 e5
16. Nd3 d6 17. Qa4+ Ke7 18. Rfe1 Bc8 19. Qc2 a5 20. a3 Bd7 21. f3 Nh5 22. Bf2
Nhf4 23. Bf1 Nxd3 24. Qxd3 Nf4 25. Qc2 Rhb8 26. Kh2 Bf6 27. g3 Ng6 28. Be3 h5
29. b3 h4 30. g4 a4 31. axb4 Qxb4 32. bxa4 Bxa4 33. Qc1 Bd7 34. Rb1 Qa4 35. Qc3
Qa7 36. Rxb8 Rxb8 37. Ra1 Qb6 38. Rb1 Qa7 39. Ra1 1/2-1/2

[Event "Thüringenliga 2013/2014"]
[Site "?"]
[Date "2014.01.12"]
[Round "5"]
[White "Burkhardt, Kai"]
[Black "Gulich, Christian"]
[Result "1-0"]
[WhiteElo "1772"]
[BlackElo "1962"]
[PlyCount "77"]
[EventDate "2014.??.??"]
[WhiteTeam "Erfurter Schachklub"]
[BlackTeam "SSV Vimaria 91 Weimar"]

1. e4 c5 2. Nf3 d6 3. d4 cxd4 4. Nxd4 Nf6 5. Nc3 g6 6. Be3 Bg7 7. f3 Nc6 8. Bc4
O-O 9. Qd2 Bd7 10. Bb3 Rc8 11. h4 h5 12. O-O-O Ne5 13. Kb1 Nc4 14. Bxc4 Rxc4
15. g4 hxg4 16. h5 Rxc3 17. Qxc3 gxh5 18. Rdg1 Qc8 19. Qd2 Qc4 20. b3 Qc7 21.
Bh6 Qc5 22. Bxg7 Kxg7 23. fxg4 Nxg4 24. Qf4 Rh8 25. Nf5+ Bxf5 26. exf5 Qc3 27.
Qg5+ Kf8 28. Rxh5 Rxh5 29. Qxh5 Ne3 30. Rc1 Qf6 31. Qf3 Nxf5 32. Qxb7 Qd4 33.
Qc8+ Kg7 34. Qxf5 e6 35. Qg5+ Kf8 36. Rh1 Ke8 37. Qg8+ Kd7 38. Qxf7+ Kc6 39.
Qxe6 1-0

[Event "Thüringenliga 2013/2014"]
[Site "?"]
[Date "2014.01.12"]
[Round "5"]
[White "Riedel, Finn"]
[Black "Schneider, Thomas"]
[Result "1/2-1/2"]
[WhiteElo "1981"]
[BlackElo "1864"]
[PlyCount "46"]
[EventDate "2014.??.??"]
[WhiteTeam "SSV Vimaria 91 Weimar"]
[BlackTeam "Erfurter Schachklub"]

1. e4 c6 2. d4 d5 3. e5 c5 4. c3 Nc6 5. Nf3 Bg4 6. Be2 Bxf3 7. Bxf3 e6 8. O-O
cxd4 9. cxd4 Qb6 10. Be3 Nge7 11. Nc3 Nf5 12. Na4 Qd8 13. Rc1 Be7 14. Nc5 Bxc5
15. Rxc5 O-O 16. Qd2 Qd7 17. Rfc1 Rac8 18. Bg4 Nce7 19. Bg5 Rxc5 20. Rxc5 Rc8
21. Bxf5 Nxf5 22. g4 Rxc5 23. dxc5 Ne7 1/2-1/2

[Event "Thüringenliga 2013/2014"]
[Site "?"]
[Date "2014.01.12"]
[Round "5"]
[White "Troyke, Doreen"]
[Black "Rensch, Toralf"]
[Result "1/2-1/2"]
[WhiteElo "1980"]
[BlackElo "1990"]
[PlyCount "68"]
[EventDate "2014.??.??"]
[WhiteTeam "Erfurter Schachklub"]
[BlackTeam "SSV Vimaria 91 Weimar"]

1. g3 f5 2. c4 Nf6 3. Nc3 g6 4. Bg2 Bg7 5. e3 c6 6. Nge2 e5 7. d4 d6 8. O-O O-O
9. b3 e4 10. f3 exf3 11. Bxf3 Qe7 12. Qd3 Re8 13. Nf4 Na6 14. a3 Nc7 15. Ra2
Ne6 16. Nxe6 Bxe6 17. e4 fxe4 18. Nxe4 Nxe4 19. Bxe4 d5 20. cxd5 Bxd5 21. Bxd5+
cxd5 22. Raf2 Rf8 23. Bb2 Rxf2 24. Rxf2 Re8 25. Qb5 Qe1+ 26. Kg2 Qe4+ 27. Kg1
Bh6 28. Qxb7 Rf8 29. Rxf8+ Bxf8 30. Kf2 Qc2+ 31. Kf3 Qe4+ 32. Kf2 Qc2+ 33. Kf3
Qf5+ 34. Ke2 Qc2+ 1/2-1/2

[Event "Thüringenliga 2013/2014"]
[Site "?"]
[Date "2014.01.12"]
[Round "5"]
[White "Gräf, Michael"]
[Black "Fischer, Dieter"]
[Result "1/2-1/2"]
[WhiteElo "1851"]
[BlackElo "1903"]
[PlyCount "42"]
[EventDate "2014.??.??"]
[WhiteTeam "SSV Vimaria 91 Weimar"]
[BlackTeam "Erfurter Schachklub"]

1. d4 d5 2. Nf3 Nf6 3. e3 Bf5 4. c4 c6 5. Nc3 e6 6. Qb3 Qb6 7. c5 Qc7 8. Ne5
Nbd7 9. f4 Nxe5 10. fxe5 Nd7 11. Na4 Be7 12. Be2 Bh4+ 13. g3 Be7 14. O-O O-O
15. Bd2 Bh3 16. Rf2 f6 17. e4 fxe5 18. Rxf8+ Rxf8 19. exd5 exd5 20. g4 Bxg4 21.
Bxg4 exd4 1/2-1/2

[Event "Thüringenliga 2013/2014"]
[Site "?"]
[Date "2014.01.12"]
[Round "5"]
[White "Neidig, Stefan"]
[Black "Wehner, Janis"]
[Result "1/2-1/2"]
[WhiteElo "2169"]
[BlackElo "2138"]
[PlyCount "53"]
[EventDate "2014.??.??"]
[WhiteTeam "TSG Apolda"]
[BlackTeam "SV Medizin Erfurt"]

1. c4 Nf6 2. Nf3 c5 3. Nc3 Nc6 4. g3 g6 5. Bg2 Bg7 6. O-O O-O 7. d4 cxd4 8.
Nxd4 d6 9. h3 Bd7 10. Be3 Nxd4 11. Bxd4 Bc6 12. e4 a5 13. Qe2 Nd7 14. Rad1 Bxd4
15. Rxd4 Qb6 16. Rfd1 Rfe8 17. Kh2 a4 18. f4 Qa5 19. e5 a3 20. Bxc6 bxc6 21.
Qc2 c5 22. Re4 axb2 23. Qxb2 Nb6 24. exd6 exd6 25. Rxe8+ Rxe8 26. Qb5 Ra8 27.
Qxa5 1/2-1/2

[Event "Thüringenliga 2013/2014"]
[Site "?"]
[Date "2014.01.12"]
[Round "5"]
[White "Hausknecht, Matthias"]
[Black "Goemann, Jens"]
[Result "0-1"]
[WhiteElo "2137"]
[BlackElo "2078"]
[PlyCount "110"]
[EventDate "2014.??.??"]
[WhiteTeam "SV Medizin Erfurt"]
[BlackTeam "TSG Apolda"]

1. Nf3 Nf6 2. d4 g6 3. c4 Bg7 4. g3 O-O 5. Bg2 d6 6. O-O c6 7. Nc3 Qa5 8. h3
Be6 9. Qd3 Qa6 10. b3 d5 11. Ne5 dxc4 12. Nxc4 Nfd7 13. e3 Rd8 14. Rd1 Nb6 15.
Nxb6 Qxd3 16. Rxd3 axb6 17. Na4 Nd7 18. Bb2 b5 19. Nc3 Nb6 20. Ne4 Bd5 21. Nc5
Bxg2 22. Kxg2 Nd7 23. Nxd7 Rxd7 24. a4 bxa4 25. Rxa4 Rxa4 26. bxa4 e5 27. Rd2
exd4 28. exd4 f5 29. Kf3 Kf7 30. Ke3 Bf6 31. Kd3 b6 32. Bc3 Ra7 33. Ra2 Ke6 34.
Ra1 Kd5 35. Rb1 Rxa4 36. Rxb6 Bxd4 37. Bxd4 Rxd4+ 38. Kc3 Re4 39. Kd2 h5 40.
Rb8 Re6 41. Rf8 Ke4 42. Ke2 c5 43. f3+ Kd4+ 44. Kd2 Rb6 45. Rd8+ Kc4 46. g4
hxg4 47. hxg4 fxg4 48. fxg4 Re6 49. Rg8 Kd4 50. Rd8+ Ke4 51. Ra8 Kf4 52. Ra4+
Re4 53. Ra5 c4 54. g5 Re5 55. Ra4 Rc5 0-1

[Event "Thüringenliga 2013/2014"]
[Site "?"]
[Date "2014.01.12"]
[Round "5"]
[White "Maiwald, Harald"]
[Black "Holzschuh, Stephan"]
[Result "1-0"]
[WhiteElo "2007"]
[BlackElo "2240"]
[PlyCount "77"]
[EventDate "2014.??.??"]
[WhiteTeam "TSG Apolda"]
[BlackTeam "SV Medizin Erfurt"]

1. Nf3 c5 2. g3 Nc6 3. d4 cxd4 4. Nxd4 g6 5. Bg2 Bg7 6. Nb3 Nf6 7. Nc3 O-O 8.
O-O a5 9. a4 d6 10. e4 Bg4 11. f3 Be6 12. Nd5 Ne5 13. Bg5 Bxd5 14. exd5 Nc4 15.
Qd4 Qc7 16. Rae1 Rfe8 17. Re2 Nb6 18. Qh4 Nbxd5 19. Rfe1 Rac8 20. Bh3 e6 21.
Nd4 Qb6 22. Kh1 Rc4 23. c3 Nd7 24. b3 Rxc3 25. Nxe6 Be5 26. Nd4 Nf8 27. Nb5 Rc5
28. f4 h6 29. fxe5 hxg5 30. Qxg5 Rxe5 31. Rxe5 dxe5 32. Bf1 Nc7 33. Nxc7 Qxc7
34. Bc4 Qd6 35. Rf1 Rc7 36. Rf6 Qd1+ 37. Kg2 Qc2+ 38. Kh3 Nh7 39. Rxg6+ 1-0

[Event "Thüringenliga 2013/2014"]
[Site "?"]
[Date "2014.01.12"]
[Round "5"]
[White "Kirschbaum, Gunnar"]
[Black "Rohmeiß, Roberto"]
[Result "1-0"]
[WhiteElo "2069"]
[BlackElo "2023"]
[PlyCount "70"]
[EventDate "2014.??.??"]
[WhiteTeam "SV Medizin Erfurt"]
[BlackTeam "TSG Apolda"]

1. d4 d5 2. c4 e6 3. Nf3 Nf6 4. Nc3 Be7 5. Bg5 O-O 6. e3 Nbd7 7. cxd5 exd5 8.
Bd3 c6 9. Qc2 Re8 10. O-O h6 11. Bh4 Ne4 12. Bxe7 Qxe7 13. Bxe4 dxe4 14. Nd2 f5
15. Rae1 Nf6 16. f3 exf3 17. Nxf3 Ne4 18. Ne5 Nd6 19. e4 Qg5 20. Rf3 Be6 21.
Rg3 Qd8 22. Qd2 Kh7 23. d5 Bg8 24. exf5 Qf6 25. Rg6 Qxf5 26. g4 Nc4 27. Qc1
Qxe5 28. Rxe5 Nxe5 29. Rd6 Nf3+ 30. Kf2 Rf8 31. Kg3 Rae8 32. dxc6 bxc6 33. Rd1
Ne5 34. Rf1 Rxf1 35. Qxf1 Bc4 {ZÜ} 1-0

[Event "Thüringenliga 2013/2014"]
[Site "?"]
[Date "2014.01.12"]
[Round "5"]
[White "Steiger, Jürgen"]
[Black "Nguyen, Huy Dat"]
[Result "1/2-1/2"]
[WhiteElo "1974"]
[BlackElo "2030"]
[PlyCount "31"]
[EventDate "2014.??.??"]
[WhiteTeam "TSG Apolda"]
[BlackTeam "SV Medizin Erfurt"]

1. e4 c6 2. d4 Na6 3. Bxa6 Qa5+ 4. c3 Qxa6 5. Qe2 Qxe2+ 6. Nxe2 b6 7. O-O Ba6
8. Re1 Nf6 9. f3 g6 10. Be3 Bg7 11. Nd2 O-O 12. Rac1 d6 13. c4 Nd7 14. b3 c5
15. Red1 Rad8 16. Nb1 1/2-1/2

[Event "Thüringenliga 2013/2014"]
[Site "?"]
[Date "2014.01.12"]
[Round "5"]
[White "Reichel, Norbert"]
[Black "Schmidt, Matthias"]
[Result "1/2-1/2"]
[WhiteElo "2053"]
[BlackElo "1957"]
[PlyCount "55"]
[EventDate "2014.??.??"]
[WhiteTeam "SV Medizin Erfurt"]
[BlackTeam "TSG Apolda"]

1. c4 Nf6 2. Nc3 d5 3. cxd5 Nxd5 4. g3 g6 5. Bg2 Nb6 6. Nf3 Bg7 7. d3 O-O 8.
Be3 h6 9. O-O e5 10. Rb1 Nc6 11. Bc5 Re8 12. b4 Be6 13. b5 Nd4 14. e3 Nxf3+ 15.
Bxf3 Nd5 16. Ne2 b6 17. Bb4 a6 18. a4 axb5 19. axb5 Ra7 20. Bd2 Qd6 21. Qc2 Rd8
22. d4 exd4 23. Nxd4 Bxd4 24. exd4 Bf5 25. Be4 Bxe4 26. Qxe4 Kg7 27. Qc2 Qf6
28. Qc4 1/2-1/2

[Event "Thüringenliga 2013/2014"]
[Site "?"]
[Date "2014.01.12"]
[Round "5"]
[White "Römer, Norbert"]
[Black "Müller-Ludwig, Kristin"]
[Result "0-1"]
[WhiteElo "1862"]
[BlackElo "2059"]
[PlyCount "94"]
[EventDate "2014.??.??"]
[WhiteTeam "TSG Apolda"]
[BlackTeam "SV Medizin Erfurt"]

1. c4 g6 2. g3 Bg7 3. Bg2 d6 4. Nc3 e5 5. d3 Nd7 6. Rb1 f5 7. e3 Ngf6 8. Nge2
O-O 9. O-O Kh8 10. Bd2 Nc5 11. Qc2 c6 12. b4 Ne6 13. d4 e4 14. Nf4 Nxf4 15.
exf4 Be6 16. Ne2 Qe7 17. Rfc1 Rfc8 18. f3 Qf7 19. a3 exf3 20. Bxf3 Ne4 21. Be3
Bf6 22. Qd3 d5 23. c5 Bd7 24. Kg2 Re8 25. h4 Re7 26. a4 Rae8 27. Bg1 Bg7 28. b5
Bh6 29. bxc6 Bxc6 30. a5 a6 31. Nc3 Qf6 32. Rb6 Re6 33. Rb2 Nxg3 34. Kxg3 Bxf4+
35. Kg2 Bxc1 36. Rb1 Bf4 37. Bf2 Qd8 38. h5 Bc7 39. hxg6 Rxg6+ 40. Kf1 Qd7 41.
Bh5 Bxa5 42. Bxg6 hxg6 43. Qh3+ Qh7 44. Qxh7+ Kxh7 45. Ne2 Bb5 46. Rb2 Rxe2 47.
Rxe2 f4 0-1

[Event "Thüringenliga 2013/2014"]
[Site "?"]
[Date "2014.01.12"]
[Round "5"]
[White "Jakob, Matthias"]
[Black "Carnot, Luca"]
[Result "1/2-1/2"]
[WhiteElo "1908"]
[BlackElo "1622"]
[PlyCount "89"]
[EventDate "2014.??.??"]
[WhiteTeam "SV Medizin Erfurt"]
[BlackTeam "TSG Apolda"]

1. d4 Nf6 2. Nf3 d5 3. e3 e6 4. Bd3 Bd6 5. Nbd2 Nbd7 6. O-O O-O 7. e4 dxe4 8.
Nxe4 Nxe4 9. Bxe4 Re8 10. Re1 e5 11. Qd3 h6 12. Bd2 exd4 13. Qxd4 Nf6 14. Bc3
Bxh2+ 15. Kxh2 Qxd4 16. Bh7+ Kxh7 17. Bxd4 Be6 18. Bxf6 gxf6 19. b3 Rad8 20.
Rad1 Rxd1 21. Rxd1 Bg4 22. Kg3 h5 23. Rd2 c6 24. c3 Re7 25. c4 c5 26. a3 b6 27.
Rd6 Kg7 28. Rd2 Rb7 29. b4 cxb4 30. axb4 Rc7 31. Rc2 Be6 32. c5 bxc5 33. bxc5
a5 34. Nd4 a4 35. Rc3 Ra7 36. Ra3 Rc7 37. Rc3 a3 38. Rxa3 Rxc5 39. Re3 Rg5+ 40.
Kh2 Bd5 41. f3 Kg6 42. Ra3 Be6 43. Rc3 Rd5 44. Ne2 Re5 45. Rc2 1/2-1/2

[Event "Thüringenliga 2013/2014"]
[Site "?"]
[Date "2014.01.12"]
[Round "5"]
[White "Recknagel, Michael"]
[Black "Kottwitz, Daniel"]
[Result "1-0"]
[WhiteElo "2180"]
[BlackElo "1913"]
[PlyCount "87"]
[EventDate "2014.??.??"]
[WhiteTeam "SC Suhl"]
[BlackTeam "Schachzirkel Elstertal Langenberg"]

1. e4 e5 2. Bc4 Bc5 3. Nc3 Nf6 4. d3 h6 5. Be3 Bxe3 6. fxe3 d6 7. Nf3 Nc6 8.
O-O Na5 9. Bb3 Nxb3 10. axb3 O-O 11. Qe1 c6 12. h3 a6 13. Qg3 Qe7 14. Rf2 Kh8
15. Raf1 Bd7 16. Qh2 Rae8 17. Nd2 Nh7 18. Qg3 Be6 19. Nf3 Rd8 20. d4 exd4 21.
exd4 c5 22. dxc5 dxc5 23. Ne5 Kg8 24. h4 Kh8 25. Nd5 Bxd5 26. exd5 Nf6 27. Qe3
Kg8 28. c4 Rde8 29. Re2 Qd6 30. Rfe1 Nd7 31. Qc3 Nxe5 32. Rxe5 Rxe5 33. Qxe5
Qg6 34. Qe3 Qf6 35. Qf2 Qb6 36. Qe3 Qf6 37. Qxc5 Qxh4 38. Qe3 f5 39. d6 f4 40.
Qe7 Rf6 41. d7 f3 42. d8=Q+ Kh7 43. Qd3+ Rg6 44. Qxh4 1-0

[Event "Thüringenliga 2013/2014"]
[Site "?"]
[Date "2014.01.12"]
[Round "5"]
[White "Sobolevsky, Leonid"]
[Black "Silberschlag, Jörg"]
[Result "0-1"]
[WhiteElo "2235"]
[BlackElo "2088"]
[PlyCount "32"]
[EventDate "2014.??.??"]
[WhiteTeam "Schachzirkel Elstertal Langenberg"]
[BlackTeam "SC Suhl"]

1. e4 c5 2. Nf3 a6 3. Nc3 e6 4. d4 cxd4 5. Nxd4 Qc7 6. Bd3 Nc6 7. Be3 Bb4 8.
O-O Bxc3 9. bxc3 Nf6 10. f4 d5 11. e5 Ne4 12. c4 O-O 13. cxd5 exd5 14. c4 Nb4
15. Rc1 Qa5 16. Nb3 Qa4 {Eigentlich waren schon die ersten Züge nur mit Mühe
zu entziffern. Der Rest (33 Züge bei Sobolevsky und 39 Züge bei Silberschlag)
ist allerdings für mich nicht mehr lesbar. Wenn ich etwas zu sagen hätte,
würde ich beiden Spielern eine dicke Null verpassen, weil sie ihrer
Notationspflicht nicht nachgekommen sind...} 0-1

[Event "Thüringenliga 2013/2014"]
[Site "?"]
[Date "2014.01.12"]
[Round "5"]
[White "Berghof, Axel"]
[Black "Watzke, Birger"]
[Result "1/2-1/2"]
[WhiteElo "2015"]
[BlackElo "2146"]
[PlyCount "56"]
[EventDate "2014.??.??"]
[WhiteTeam "SC Suhl"]
[BlackTeam "Schachzirkel Elstertal Langenberg"]

1. e4 c5 2. b4 cxb4 3. a3 d5 4. e5 Nc6 5. d4 Qb6 6. Nf3 Bg4 7. Be3 e6 8. axb4
Bxb4+ 9. c3 Ba5 10. Bd3 Nge7 11. O-O h6 12. Bc1 O-O 13. Ba3 a6 14. Qc1 Qd8 15.
Qf4 Bh5 16. Qh4 Bg6 17. Bxg6 Nxg6 18. Qg4 Re8 19. h4 Rc8 20. Bc1 Kh8 21. Qh5
Nce7 22. Bxh6 gxh6 23. Qxh6+ Kg8 24. Ng5 Nf8 25. Qf6 Neg6 26. Qxf7+ Kh8 27.
Rxa5 Qxa5 28. Qf6+ Kg8 1/2-1/2

[Event "Thüringenliga 2013/2014"]
[Site "?"]
[Date "2014.01.12"]
[Round "5"]
[White "Frommelt, Hans-Jürgen"]
[Black "Feld-Gerdes, Wolfgang"]
[Result "0-1"]
[WhiteElo "1951"]
[BlackElo "1997"]
[PlyCount "94"]
[EventDate "2014.??.??"]
[WhiteTeam "Schachzirkel Elstertal Langenberg"]
[BlackTeam "SC Suhl"]

1. e4 c5 2. Nc3 Nc6 3. Nge2 g6 4. g3 Bg7 5. Bg2 Nf6 6. O-O d6 7. d3 O-O 8. h3
Rb8 9. Be3 b5 10. Qd2 b4 11. Nd1 a5 12. f4 Nd7 13. g4 a4 14. a3 Qa5 15. axb4
cxb4 16. d4 Nb6 17. b3 a3 18. Nf2 Ba6 19. e5 Nd5 20. Nd3 Nxe3 21. Qxe3 Bxd3 22.
Qxd3 Qb6 23. Qe4 Rbc8 24. Kh1 dxe5 25. fxe5 e6 26. g5 Ne7 27. Rf3 Nf5 28. Ra2
Rfd8 29. Rd3 Bf8 30. h4 Rd7 31. Bh3 Rdc7 32. Rd2 Ne7 33. Nf4 Rc3 34. Kh2 Rd8
35. Ne2 Rc7 36. Bg2 Nd5 37. Qf3 Nc3 38. Nxc3 bxc3 39. Rd3 Rxd4 40. Qg3 Qc5 41.
Re3 Rd1 42. Kh3 Qd4 43. Qf3 h5 44. Re4 Qd2 45. Rxa3 Rc8 46. Ra7 f5 47. exf6 Bd6
0-1

[Event "Thüringenliga 2013/2014"]
[Site "?"]
[Date "2014.01.12"]
[Round "5"]
[White "Fuhrmann, Christian"]
[Black "Streit, Michael"]
[Result "1/2-1/2"]
[WhiteElo "1798"]
[BlackElo "1911"]
[PlyCount "98"]
[EventDate "2014.??.??"]
[WhiteTeam "SC Suhl"]
[BlackTeam "Schachzirkel Elstertal Langenberg"]

1. d4 Nf6 2. c4 e6 3. Nc3 Bb4 4. e3 O-O 5. a3 Bxc3+ 6. bxc3 c5 7. Bd3 Nc6 8.
Nf3 d6 9. d5 Ne5 10. Nxe5 dxe5 11. e4 h6 12. O-O Qc7 13. Qe2 Re8 14. f3 b6 15.
g4 Ba6 16. Kh1 g5 17. Be3 Re7 18. Rfd1 Ne8 19. Rd2 Nd6 20. a4 Rae8 21. Rda2 Nb7
22. Rd1 Rd8 23. Qd2 f6 24. Kg2 h5 25. h3 Rh7 26. Qe2 Na5 27. Rf1 Qg7 28. Raa1
Kf7 29. Rad1 Kg6 30. Rh1 Qd7 31. Ra1 Rdh8 32. Bd2 Rh6 33. Rh2 Nb3 34. Rb1 Nxd2
35. Qxd2 Qxa4 36. Qe2 Bc8 37. Rb2 Qd7 38. Kg3 Qh7 39. Qg2 Qc7 40. Ra2 R6h7 41.
Qd2 hxg4 42. fxg4 Rh4 43. Qf2 exd5 44. cxd5 Bxg4 45. hxg4 Rxh2 46. Qf5+ Kg7 47.
Rxh2 Rxh2 48. Kxh2 c4 49. Be2 a5 1/2-1/2

[Event "Thüringenliga 2013/2014"]
[Site "?"]
[Date "2014.01.12"]
[Round "5"]
[White "Streit, Jürgen"]
[Black "Will, Ralph"]
[Result "1/2-1/2"]
[WhiteElo "1731"]
[BlackElo "1757"]
[PlyCount "88"]
[EventDate "2014.??.??"]
[WhiteTeam "Schachzirkel Elstertal Langenberg"]
[BlackTeam "SC Suhl"]

1. e4 c5 2. Nf3 g6 3. d4 cxd4 4. Qxd4 Nf6 5. e5 Nc6 6. Qa4 Nd5 7. Qe4 Nc7 8.
Nc3 Bg7 9. Bc4 Ne6 10. O-O O-O 11. Rd1 Qa5 12. Nd5 Rb8 13. b4 Qd8 14. b5 Na5
15. Ba3 Re8 16. Be2 b6 17. Qh4 Nc5 18. Rd2 Bb7 19. Rad1 d6 20. Bxc5 bxc5 21.
exd6 exd6 22. Qxd8 Rbxd8 23. Kf1 Re6 24. Ng5 Re5 25. Nf3 Rxd5 26. Rxd5 Bxd5 27.
Rxd5 Kf8 28. Ng5 h6 29. Ne4 Ke7 30. f4 f5 31. Nd2 Bd4 32. c4 Ke6 33. Nb3 Nxb3
34. axb3 Rb8 35. Bd1 Rb6 36. g4 Be3 37. gxf5+ gxf5 38. Bc2 a6 39. Bxf5+ Ke7 40.
bxa6 Rxa6 41. Ke2 Bxf4 42. h3 Be5 43. Rd3 Kf6 44. Bd7 Ra2+ 1/2-1/2

[Event "Thüringenliga 2013/2014"]
[Site "?"]
[Date "2014.01.12"]
[Round "5"]
[White "Müller, Bernd"]
[Black "Schaudin, Andreas"]
[Result "1/2-1/2"]
[WhiteElo "1721"]
[BlackElo "1650"]
[PlyCount "95"]
[EventDate "2014.??.??"]
[WhiteTeam "SC Suhl"]
[BlackTeam "Schachzirkel Elstertal Langenberg"]

1. e4 b6 2. d4 Bb7 3. Nc3 e6 4. Bd3 Bb4 5. a3 Bxc3+ 6. bxc3 Ne7 7. f4 f5 8. Qe2
O-O 9. Nf3 Nbc6 10. O-O Ng6 11. exf5 exf5 12. Qf2 Nce7 13. c4 d6 14. Ng5 Qd7
15. Qg3 h6 16. Nf3 Qe6 17. Bd2 Ba6 18. Rae1 Qf7 19. d5 Bc8 20. Nd4 Bd7 21. Ne6
Bxe6 22. Rxe6 Kh7 23. Rfe1 Rae8 24. Qe3 Qg8 25. Bc3 Rf7 26. Qg3 Nf8 27. R6e3
Nd7 28. Be2 Nc5 29. Bh5 g6 30. Bf3 Qf8 31. h4 Qg8 32. Qh3 h5 33. Qg3 Ne4 34.
Bxe4 fxe4 35. Rxe4 Nf5 36. Rxe8 Nxg3 37. Rxg8 Kxg8 38. Re8+ Rf8 39. Re6 Kf7 40.
Kf2 Nf5 41. g3 Rg8 42. Kg2 Nh6 43. a4 Ng4 44. Kf3 Re8 45. Rxe8 Kxe8 46. Bd4 Nh6
47. Bf6 Kd7 48. Bd4 1/2-1/2

[Event "Thüringenliga 2013/2014"]
[Site "?"]
[Date "2014.01.12"]
[Round "5"]
[White "Janisch, Manfred"]
[Black "v.d. Weth-v. Nordheim, Petra"]
[Result "1-0"]
[WhiteElo "1741"]
[BlackElo "1831"]
[PlyCount "91"]
[EventDate "2014.??.??"]
[WhiteTeam "Schachzirkel Elstertal Langenberg"]
[BlackTeam "SC Suhl"]

1. d4 d5 2. Nc3 e6 3. e4 c6 4. Nf3 Bd6 5. e5 Bc7 6. Bd3 Nd7 7. Ne2 c5 8. c3 c4
9. Bb1 Ne7 10. Ng3 h6 11. Qc2 f6 12. Qe2 f5 13. b3 b5 14. Ba3 a5 15. Nh4 O-O
16. Bxe7 Qxe7 17. Ng6 Qg5 18. Nxf8 Qc1+ 19. Qd1 Qxc3+ 20. Kf1 Qxa1 21. Nxe6 Bb6
22. Nxf5 Nxe5 23. Ne7+ Kh8 24. Nxc8 Rxc8 25. dxe5 d4 26. g3 d3 27. Kg2 Qxe5 28.
Nf4 Qd6 29. Qg4 Qc6+ 30. Kh3 Re8 31. Rd1 Kg8 32. Nxd3 cxd3 33. Bxd3 Re5 34. Bb1
Rg5 35. Qe2 Qc8+ 36. Kg2 h5 37. Qe4 h4 38. Qh7+ Kf7 39. Qxh4 Qc6+ 40. Be4 Qf6
41. Bd5+ Kg6 42. Be4+ Kf7 43. Rd2 Qe7 44. Bc6 Qc5 45. Be4 Re5 46. Qg4 1-0

[Event "Thüringenliga 2013/2014"]
[Site "?"]
[Date "2014.02.02"]
[Round "6"]
[White "Darr, Sascha"]
[Black "Langheinrich, Ferenc"]
[Result "0-1"]
[WhiteElo "2077"]
[BlackElo "2358"]
[PlyCount "62"]
[EventDate "2014.??.??"]
[WhiteTeam "SV Jenapharm Jena"]
[BlackTeam "ESV Lok Sömmerda"]

1. e4 c5 2. Nf3 b6 3. d4 cxd4 4. Nxd4 Bb7 5. Nc3 a6 6. Be3 e6 7. Qd2 Qc7 8. Be2
Nf6 9. f3 d6 10. g4 Be7 11. O-O-O Nc6 12. g5 Nd7 13. f4 Nc5 14. Bf3 O-O 15. h4
b5 16. Qg2 Na5 17. Kb1 Nc4 18. Bc1 b4 19. Nce2 a5 20. h5 a4 21. Rdg1 Rfb8 22.
g6 Bf6 23. e5 dxe5 24. fxe5 Nxe5 25. Bg5 Bxg5 26. gxh7+ Kxh7 27. Qxg5 f6 28.
Qf4 Bxf3 29. Nxf3 b3 30. cxb3 axb3 31. a3 Ncd3 0-1